Standards of value (Record no. 32481)
[ view plain ]
| 000 -LEADER | |
|---|---|
| fixed length control field | 01372nam a2200373 a 4500 |
| 082 04 - DEWEY DECIMAL CLASSIFICATION NUMBER | |
| Classification number | 657/.73 |
| 100 1# - MAIN ENTRY--AUTHOR NAME | |
| Personal name | Fishman, Jay E. |
| 245 10 - TITLE STATEMENT | |
| Title | Standards of value |
| 250 ## - EDITION STATEMENT | |
| Edition statement | 2nd ed. |
| 260 ## - PUBLICATION, DISTRIBUTION, ETC. (IMPRINT) | |
| Place of publication | Hoboken, N.J. : |
| Name of publisher | Wiley, |
| Year of publication | [2013] |
| 300 ## - PHYSICAL DESCRIPTION | |
| Number of Pages | xxix, 458 p. |
| 490 1# - SERIES STATEMENT | |
| Series statement | Wiley finance series |
| 650 #0 - SUBJECT ADDED ENTRY--TOPICAL TERM | |
| Topical Term | Valuation. |
| Topical Term | Fair value |
| 700 1# - ADDED ENTRY--PERSONAL NAME | |
| Personal name | Pratt, Shannon P. |
| Personal name | Morrison, William J. |
| 856 40 - ELECTRONIC LOCATION AND ACCESS | |
| Uniform Resource Identifier | http://site.ebrary.com/lib/rucke/Doc?id=10683249 |
No items available.
